Společnost s ručením omezeným (ekonomické a právní důsledky)

Základné charakteristiky spoločnosti s ručením obmedzeným. Založenie a vznik spoločnosti. Postavenie spoločníka, jeho práva a povinnosti. Zvýšenie a zníženie základného imania. Rezervný fond. Orgány spoločnosti. Zrušenie a likvidácia spoločnosti. Praktické problémy a ekonomický význam spoločnosti.

Gespeichert in:
Bibliographische Detailangaben
1. Verfasser: Klusoň, Václav
Format: Buchkapitel
Sprache:Tschechisch
Schlagworte:
Tags: Tag hinzufügen
Keine Tags, Fügen Sie das erste Tag hinzu!

MARC

LEADER 00000naa a2200000 4500
001 r023950
005 20221205090742.3
041 0 |a cze 
044 |a CZ 
245 1 0 |a Společnost s ručením omezeným (ekonomické a právní důsledky)  |c Václav Klusoň 
520 |a Základné charakteristiky spoločnosti s ručením obmedzeným. Založenie a vznik spoločnosti. Postavenie spoločníka, jeho práva a povinnosti. Zvýšenie a zníženie základného imania. Rezervný fond. Orgány spoločnosti. Zrušenie a likvidácia spoločnosti. Praktické problémy a ekonomický význam spoločnosti. 
610 2 0 |a spoločnosti s r.o. 
610 2 0 |a transformácia 
610 2 0 |a podnikanie 
100 1 |a Klusoň, Václav